1384 1421 1319 1424 1649 1730 1452 1271 1683 1447 1714 1214 1896 1504 1527 1908 1317 1772 1538 1684 1127 1437 1728 1294 1965 1816 1969 1336 1735 1281 1860 1173 1519 1814 1141 1244 1911 1848 1390 1047 1883 1032 1893 1716 1209 1890 1187 1246 1008 1764 1557 1417 1689 1104 1406 1434 1015 1140 1836 1535 1854 1114 1488 1748 1421 1646 1519 1444 1328 1287 1702 1023 1187 1625 1020 1068 1586 1916 1545 1570 1173 1943 1278 1901 1937 1340 1908 1355 1527 1118 1141 1421 1371 1800 2000 1882 1586 1866 1211 BCNSPRNW ULIB Ver.6.0+V

เปลี่ยนเป็นภาษาไทย

Change to English
 แสดงรายละเอียดบรรณานุกรม
  กลับหน้าหลัก

Brief Record : Get Marc (ISO 2709) : E-mail record : QR code < ปิดหน้าต่าง
LEADER : 00000nam 2200000uu 4500
001    13399113878
003     ULIB
008    120110s||||||||th 000 0 tha d
099    วพ.HD30.3^bป713ค
100 0  เปรมฤดี ศรีวิชัย
245 00 ความสัมพันธ์ระหว่างการบริหารงานแบบมีส่วนร่วม วัฒนธรรมองค์การเชิงสร้างสรรค์กับความพึงพอใจในงานตามการรับรู้ของอาจารย์พยาบาล วิทยาลัยพยาบาลบรมราชชนนีภาคเหนือ/^cเปรมฤดี ศรีวิชัย
260    กรุงเทพฯ :^bมหาวิทยาลัยสุโขทัยธรรมาธิราช,^c2551
300    161หน้า :^bตาราง
500    วิทยานิพนธ์
650  7 การบริหาร^xวิจัย
650  7 วัฒนธรรมองค์กร^xวิจัย
710    มหาวิทยาลัยสุโขทัยธรรมาธิราช
945    ^p0^l0^i030938
995    ทศพร
999 ^a ทศพร
รายการนี้ยังไม่มีแท็ก
คุณยังไม่ได้ล็อกอิน คุณสามารถมีกิจกรรมร่วมกับเว็บไซต์ได้ แต่ต้องล็อกอินก่อน ::
  ล็อกอิน

รายการสื่อสารสนเทศ

ลำดับที่ ประเภท เลขเรียก/บาร์โค้ด สถานที่ สถานะ
1. วิทยานิพนธ์
วิทยานิพนธ์
วพ.HD30.3 ป713ค ฉ.1 
  Barcode: 030938
ห้องสมุดวิทยาเขตสวรรค์ประชารักษ์
►วิจัย
บนชั้น

รายการใกล้เคียง
    ผู้แต่ง [เปรมฤดี ศรีวิชัย]

BibComment


ยังไม่เคยถูกคอมเมนท์

คอมเมนท์ทรัพยากรรายการนี้
  คอมเมนท์: ความสัมพันธ์ระหว่..


 Copyright 2026. Bcnsprnw @Library